1306 1295 1227 1820 1710 1275 1827 1524 1946 1376 1116 1643 1036 1756 1297 1407 1065 1192 1244 1407 1237 1444 1344 1548 1508 1466 1971 1873 1206 1329 1658 1106 1437 1016 1310 1636 1106 1611 1048 1740 1082 1181 1314 1059 1683 1024 1124 1064 1429 1243 1504 1286 1960 1061 1055 1565 1007 1191 1801 1843 1640 1825 1999 1325 1970 1166 1448 1084 1349 1416 1948 1543 1727 1277 1986 1011 1988 1388 1724 1413 1281 1166 1031 1136 1397 1786 1533 1299 1063 1789 1697 1674 1635 1670 1776 1052 1662 1787 1470 BCNSPRNW ULIB Ver.6.0+V

เปลี่ยนเป็นภาษาไทย

Change to English
 แสดงรายละเอียดบรรณานุกรม
  กลับหน้าหลัก

Brief Record : Get Marc (ISO 2709) : E-mail record : QR code < ปิดหน้าต่าง
LEADER : 00000nam 2200000uu 4500
001    13399122086
003     ULIB
008    121225s2550||||th 000 0 tha d
020    ^a9789749935187
090    ^aนว.^bป337ช
100    ^aประภัสสร เสวิกุล.
245    ^aชี้ค /^cประภัสสร เสวิกุล.
250    ^aพิมพ์ครั้งที่ 28
260    ^aกรุงเทพฯ :^bอรุณ,^c2550
300    ^a549 หน้า
945    ^p355^l0^i022035
999    ^aทศพร
รายการนี้ยังไม่มีแท็ก
คุณยังไม่ได้ล็อกอิน คุณสามารถมีกิจกรรมร่วมกับเว็บไซต์ได้ แต่ต้องล็อกอินก่อน ::
  ล็อกอิน

รายการสื่อสารสนเทศ

ลำดับที่ ประเภท เลขเรียก/บาร์โค้ด สถานที่ สถานะ
1. นวนิยาย
นวนิยาย
นว. ป337ช  
  Barcode: 022035
ห้องสมุดวิทยาเขตสวรรค์ประชารักษ์
►นวนิยาย
บนชั้น
  ขอยืม

BibComment


ยังไม่เคยถูกคอมเมนท์

คอมเมนท์ทรัพยากรรายการนี้
  คอมเมนท์: ชี้ค ประภัสสร เ..


 Copyright 2026. Bcnsprnw @Library